Southville International School and Colleges
Your cart is empty.
  • Cart
  • Lists
    Public lists Eva Luna New books Lux_list list_1
    Your lists Log in to create your own lists
  • Log in to your account
  • Your cookies
  • Search history
Southville International School and Colleges
  • Advanced search
  • Recent comments
  • Most popular
  • Libraries

Log in to your account

Log in with GOOGLE


If you do not have an external account, but do have a local account, you can still log in:

  1. Home
  2. MARC view: Danielle's dollhouse wish /
Normal view MARC view ISBD view

Danielle's dollhouse wish / (Record no. 34696)

[ view plain ]
MARC details
000 -LEADER
fixed length control field 01225cam a22003613a 4500
001 - CONTROL NUMBER
control field 13687233
003 - CONTROL NUMBER IDENTIFIER
control field OSt
005 - DATE AND TIME OF LATEST TRANSACTION
control field 20140310184458.0
008 - FIXED-LENGTH DATA ELEMENTS--GENERAL INFORMATION
fixed length control field 031003s2003 nyua j 000 1 eng d
010 ## - LIBRARY OF CONGRESS CONTROL NUMBER
LC control number 2004596431
020 ## - INTERNATIONAL STANDARD BOOK NUMBER
International Standard Book Number 0439401828 (pbk.) :
035 ## - SYSTEM CONTROL NUMBER
System control number (OCoLC)ocm53137987
040 ## - CATALOGING SOURCE
Original cataloging agency WIJ
Transcribing agency WIJ
Modifying agency OCLCQ
-- DLC
042 ## - AUTHENTICATION CODE
Authentication code lccopycat
050 ## - LIBRARY OF CONGRESS CALL NUMBER
Classification number PZ 7
Item number .H758 2003
100 1# - MAIN ENTRY--PERSONAL NAME
Personal name Holub, Joan.
9 (RLIN) 24325
245 10 - TITLE STATEMENT
Title Danielle's dollhouse wish /
Statement of responsibility, etc Joan Holub ; illustrations by Ann Losa ; cover illustration by Joan Holub.
260 ## - PUBLICATION, DISTRIBUTION, ETC. (IMPRINT)
Place of publication, distribution, etc New York, NY :
Name of publisher, distributor, etc Scholastic, Inc.,
Date of publication, distribution, etc 2003.
300 ## - PHYSICAL DESCRIPTION
Extent 113 p. :
Other physical details ill. ;
Dimensions 20 cm.
490 0# - SERIES STATEMENT
Series statement Doll hospital ;
Volume number/sequential designation #5
500 ## - GENERAL NOTE
General note "A little Apple paperback."
521 ## - TARGET AUDIENCE NOTE
Target audience note
526 ## - STUDY PROGRAM INFORMATION NOTE
Reading level 450
650 #0 - SUBJECT ADDED ENTRY--TOPICAL TERM
Topical term or geographic name as entry element Doll hospitals
Form subdivision Juvenile fiction.
9 (RLIN) 28491
655 #7 - INDEX TERM--GENRE/FORM
Genre/form data or focus term Children's stories.
Source of term lcsh
9 (RLIN) 3012
700 1# - ADDED ENTRY--PERSONAL NAME
Personal name Losa, Ann.
9 (RLIN) 28492
710 2# - ADDED ENTRY--CORPORATE NAME
Corporate name or jurisdiction name as entry element Copyright Paperback Collection (Library of Congress)
Institution to which field applies DLC
9 (RLIN) 705
856 42 - ELECTRONIC LOCATION AND ACCESS
Materials specified Publisher description
Uniform Resource Identifier <a href="http://www.loc.gov/catdir/description/schol051/2004596431.html">http://www.loc.gov/catdir/description/schol051/2004596431.html</a>
906 ## - LOCAL DATA ELEMENT F, LDF (RLIN)
a 7
b cbc
c copycat
d 2
e ncip
f 20
g y-genrareb
942 ## - ADDED ENTRY ELEMENTS (KOHA)
Source of classification or shelving scheme Library of Congress Classification
Koha item type
Holdings
Withdrawn status Lost status Source of classification or shelving scheme Damaged status Home library Current library Shelving location Date acquired Total Checkouts Full call number Barcode Date last seen Copy number Price effective from Koha item type
    Library of Congress Classification   Luxembourg Library Luxembourg Library Scholastic Reading Center Section 10/11/2013   PZ 7 .H758 2003 LEX2348 04/18/2017 1 10/11/2013 Books

Danielle's dollhouse wish /

APA

Holub J., Losa A. & Copyright Paperback Collection (Library of Congress). (2003). Danielle's dollhouse wish. New York, NY: Scholastic, Inc.

Chicago

Holub Joan, Losa Ann and Copyright Paperback Collection (Library of Congress). 2003. Danielle's dollhouse wish. New York, NY: Scholastic, Inc.

Harvard

Holub J., Losa A. and Copyright Paperback Collection (Library of Congress). (2003). Danielle's dollhouse wish. New York, NY: Scholastic, Inc.

MLA

Holub Joan, Losa Ann and Copyright Paperback Collection (Library of Congress). Danielle's dollhouse wish. New York, NY: Scholastic, Inc. 2003.

  • Place hold
  • Print
  • Cite
  • Add to your cart (remove)
  • Save record
    BIBTEX Dublin Core MARCXML MARC (non-Unicode/MARC-8) MARC (Unicode/UTF-8) MARC (Unicode/UTF-8, Standard) MODS (XML) RIS
  • More searches
    Search for this title in:
    Other Libraries (WorldCat) Other Databases (Google Scholar) Online Stores (Bookfinder.com) Open Library (openlibrary.org)

Exporting to Dublin Core...

SOUTHVILLE LIBRARY

Southville International School and Colleges Library

1281 Tropical Ave. Cor. Luxembourg St., BF Homes International, Las Pinas City

Tel. No. 8256374 / 252358 Loc. 117/146

Powered by Koha